| 000 | 00789nam a2200205 i 4500 | ||
|---|---|---|---|
| 001 | 69492 | ||
| 003 | ES-MaACL | ||
| 005 | 20230906170531.0 | ||
| 008 | 040706s1931 sp |||| | spa d | ||
| 100 | 1 |
_aGarcía Cortés, Mariano. _954387 |
|
| 245 | 1 | 0 |
_aMadrid y su porvenir / _cMariano García Cortés. |
| 260 |
_aMadrid : _b[Vicente Rico], _c1931. |
||
| 300 |
_a102 p. ; _c18 cm. |
||
| 594 | _aConferencia pronunciada en el Círculo de la Unión Mercantil e Industrial de Madrid, el día 27 de mayo de 1930. | ||
| 651 |
_aMadrid (Comunidad Autónoma)- _xSituación económica. _99005 |
||
| 651 | 4 |
_aMadrid (Comunidad Autónoma)- _xHistoria. _98997 |
|
| 710 | 2 |
_aCírculo de la Unión Mercantil e Industrial (Madrid) _92827 |
|
| 852 |
_aES-MaACL _jB-12612 |
||
| 852 |
_aES-MaACL _jB-12601 |
||
| 999 |
_c69492 _d69492 |
||